00000000nam##2200000za#4500
0019.529541
003CaOODSP
00520200401015321
007ta
008150406|1997||||xxc|||||     f|0| 0 fre|d
020 |a0-660-60322-5
040 |aCaOODSP|bfre
041 |aeng
041 |afre
043 |an-cn---
0861 |aBT31-4/36-1997
1101 |aCanada. |bConseil du trésor.
24510|aService correctionnel Canada
260 |aOttawa - Ontario : |bSecrétariat du Conseil du Trésor du Canada |c1997.
300 |aTexte français, 78p. : |btableaux ; |c28 cm.
4901 |aRapport sur le rendement pour la période se terminant le 31 mars 1997
546 |aBilingue
563 |aCouverture souple
590 |a97-46|b1997-11-14
7760#|tService correctionnel Canada, rapport sur le rendement pour la période se terminant le 31 mars 1997 |w(CaOODSP)9.599874
7760#|tCorrectional Service Canada, performance report for the period ending March 31, 1997 |w(CaOODSP)9.568600
791 |tCorrectional Service Canada|eeng|w(CaOODSP)9.529540
830#0|aRapport sur le rendement pour la période se terminant le 31 mars 1997.|w(CaOODSP)9.508973